000 00305nam a22001217a 4500
082 _a894.812
_bPUT/C
100 _aPUTHUSSERY, VARGHESE
245 _aCOUNSELLINGUM MANASIKA AAROGYAVUM
260 _aKACHERIPADY
_bSANTHWANA COUNSELLING CENTRE
300 _a112
650 _aMOTIVATIONAL
_zKERALA
942 _cBK
999 _c1186
_d1186